000
00251nam a22001217a 4500
082
_a
821
_b
CHA/R
100
_a
CHANDRAMATHY,C
245
_a
THE REMOTE CONTROL
260
_a
RANCHI
_b
WRITERS FORUM
300
_a
47
650
_a
POEMS
_z
INDIA
942
_c
BK
999
_c
3904
_d
3904